000 00750nam a2200253 i 4500
001 C2-0327575
003 PPAK
005 20180728125156.0
008 140707s2014 my |||| ||||| | may d
020 _a9789674111953
040 _aPPAK
_beng
_cPPAK
_erda
082 0 4 _a297.382
_223
090 0 0 _a297.382
_bADA
_dG
100 0 _aAdam Cholil,
_eauthor
245 1 0 _aDahsyatnya doa anak
264 1 _aBatu Caves, Selangor :
_bPTS Millennia ,
_c2014
300 _aix, 153 pages ;
_c23 cm
336 _2rdacontent
_atext
337 _2rdamedia
_aunmediated
338 _2rdacarrier
_avolume
650 1 0 _aPrayer - Islam. ; Islam - Prayers and devotions. ; Religious life - Islam.
700 0 _aNorhaslinda Abd Razak,
_eeditor
942 _ddc
_cB
999 _c127113
_d127113